000 00978nas a2200337 4500
001 BR2011007574
003 BR-BrBNA
005 20231205115802.0
007 ta
008 230509b bl.|||p| |||| 00| 00por d
040 _aBR-BrBNA
_bpor
_cBiblioteca Nacional de Agricultura
041 _a(Pt)
072 _aM12
100 1 _aSeixas Filho, J.T. de
100 1 _aOliveira, M.G.A.
100 1 _aMoura, G. de S.
100 1 _aGarcia, S.L.R.
100 1 _aLanna, E.T.A.
100 1 _aSilva, L.N. da
245 1 _aDesempenho e atividades enzimáticas em girinos de rã-touro
650 _aRÃ TOURO
650 _aNUTRIÇÃO ANIMAL
650 _aDIGESTIBILIDADE
650 _aENZIMA
650 _aRANICULTURA
650 _aGIRINO
650 _aANÁLISE QUÍMICA
773 0 _tPesquisa Agropecuária Brasileira (Brazil)
_xISSN 0100-204X
_g(Nov 2008), v. 43(11) p. 1617-1624
_wBR2011007574
909 _a202311
_bLúcia
_c55
_dLúcia Elande
942 _2AGRIS
_n0
_cANA
999 _c215685
_d215685